• 首页
  • 本馆介绍
  • 公告通知
  • 最新文献
  • 馆藏检索
  • 电子资源
  • 读者导购
  • 参考咨询
  • 我的图书馆
  • 登录
  • 详细信息显示
  • 放入我的书架
  • 预约/预借图书
  • 作者相关作品
  • 分类相关作品
  • 丛书相关作品
  • 出版社相关作品

书目信息

  • 表格格式
  • 工作单格式
  • 卡片格式
题名:
数学实验与数学建模案例
    
 
作者: 王泽文 编著
分册:  
出版信息: 北京   高等教育出版社  2018重印
页数: 277页
开本: 23cm
丛书名:
单 册:
中图分类: O13-33 , O141.4
科图分类:
主题词: 高等数学--Gao Deng Shu Xue--实验--高等学校--教材 , 数学模型--Shu Xue Mo Xing--高等学校--教材
电子资源:
ISBN: 978-7-04-036010-3
000 01133cam0 2200289 45
001 012001000995
005 20140107101929.0
010    @a978-7-04-036010-3@dCNY33.30
099    @aCAL 012012267364
100    @a20121030d2012 ekmy0chiy50 ea
101 0  @achi
102    @aCN@b110000
105    @aak a 000yy
106    @ar
200 1  @a数学实验与数学建模案例@AShu Xue Shi Yan Yu Shu Xue Jian Mo An Li@f王泽文 ... 等编著
210    @a北京@c高等教育出版社@d2018重印
215    @a277页@c图@d23cm
300    @a高等学校教材
320    @a有书目
330    @a本书主要分为两个部分:第一部分是数学软件与数学实验,主要是结合高等数学内容及其实验教学介绍MATLAB和Mathematica软件及其数学实验;第二部分是数学建模与建模案例,主要是概述数学建模及全国大学生数学建模竞赛,根据多年数学建模的教学经验,结合老师的部分科研成果,给出了若干数学建模案例。
606 0  @a高等数学@AGao Deng Shu Xue@x实验@x高等学校@j教材
606 0  @a数学模型@AShu Xue Mo Xing@x高等学校@j教材
690    @aO13-33@v4
690    @aO141.4@v4
701  0 @a王泽文@AWang Ze Wen@4编著
801  0 @aCN@b北京卓展文化@c20191020
905    @b1201269-72@dO13-33@e820@f4
    
    数学实验与数学建模案例/王泽文 ... 等编著.-北京:高等教育出版社,2018重印
    277页:图;23cm
    高等学校教材
    
    ISBN 978-7-04-036010-3:CNY33.30
    本书主要分为两个部分:第一部分是数学软件与数学实验,主要是结合高等数学内容及其实验教学介绍MATLAB和Mathematica软件及其数学实验;第二部分是数学建模与建模案例,主要是概述数学建模及全国大学生数学建模竞赛,根据多年数学建模的教学经验,结合老师的部分科研成果,给出了若干数学建模案例。
●
相关链接 在E读中查询图书 在五车中查询图书 在当当中查询图书 在豆瓣中查询图书


正题名:数学实验与数学建模案例     索取号:O13-33/820         预约/预借

序号 登录号 条形码 馆藏地/架位号 状态 备注
1 1201269   212012695   第二样本阅览室/ [索取号:O13-33/820] 在馆    
2 1201270   212012702   第三借阅区/ [索取号:O13-33/820] 在馆    
3 1201271   212012711   第三借阅区/ [索取号:O13-33/820] 在馆    
4 1201272   212012720   第三借阅区/ [索取号:O13-33/820] 在馆    
唐山师范学院图书馆 欢迎您!
大连网信软件有限公司© 版权所有